[Event "It (open) \"]
[Site "masterchessopen.com La Coruna (Spain)"]
[Round "3"]
[White "Kurajica Bojan (CRO)"]
[Black "Gonzalez Tedin Antonio (ESP)"]
[Result "1-0"]
[WhiteElo "2595"]
[BlackElo "2175"]

1.d4 Nf6 2.Nf3 e6 3.g3 d5 4.Bg2 Be7 5.O-O O-O 6.c4 c6 7.Nbd2 Nbd7 8.Qc2 b6
9.e4 dxe4 10.Nxe4 Bb7 11.Rd1 Qc8 12.Nc3 Rd8 13.Bg5 h6 14.Bf4 Nf8 15.Ne5 c5
16.d5 Nh5 17.Be3 Bd6 18.Nc6 Bxc6 19.dxc6 Bc7 20.Nb5 a6 21.Nxc7 Qxc7 22.Qe2 Nf6
23.Bf4 Qc8 24.Rxd8 Qxd8 25.c7 Qc8 26.Bxa8 Qxa8 27.Rd1 N8d7 28.Be5 {#r} 1-0

[Event "It (open)"]
[Site "masterchessopen.com Mislata (Spain)"]
[Round "9"]
[White "Vassallo Mauricio (ESP)"]
[Black "Valero Perez Francisco J (ESP)"]
[Result "0-1"]
[WhiteElo "2385"]
[BlackElo "2157"]

1.d4 d5 2.c4 e6 3.Nf3 Nf6 4.g3 Nbd7 5.Bg2 Be7 6.Nbd2 c6 7.O-O O-O 8.Qc2 Re8
9.Rd1 b5 10.b3 Bb7 11.e4 dxe4 12.Nxe4 bxc4 13.bxc4 c5 14.Nfg5 Nxe4 15.Nxe4
cxd4 16.Rxd4 Qc8 17.Rb1 Bc6 18.Be3 Nf6 19.c5 Nd5 20.Bc1 h6 21.Nd6 Bxd6 22.cxd6
Qd7 23.Bxh6 f5 24.Bf4 Rac8 25.Be5 Nf4 26.Bxc6 Rxc6 27.Qb2 Ng6 28.Rd2 Rb6 {#R}
0-1

[Event "Ch Asia (team)"]
[Site "masterchessopen.com Singapore"]
[Round "8"]
[White "Ali Mahmoud (UAE)"]
[Black "Mallawarachchi T S (SRI)"]
[Result "1-0"]
[WhiteElo "2100"]
[BlackElo "1954"]

1.d4 Nf6 2.c4 e6 3.g3 Be7 4.Bg2 O-O 5.Nf3 d5 6.O-O c6 7.Nbd2 Nbd7 8.Qc2 Nb6
9.c5 Nbd7 10.a4 Qc7 11.a5 Re8 12.Nb3 Bf8 13.Bf4 Qd8 14.a6 b6 15.cxb6 Qxb6
16.Qd3 Nh5 17.Be3 Rb8 18.Nfd2 Qb5 19.Qxb5 Rxb5 20.Rfc1 Rb6 21.Na5 Nb8 22.Bf3
Nf6 23.Bf4 Nfd7 24.Rc2 Rxa6 25.Bc7 Bb7 26.Ndb3 Ba8 27.e3 Rc8 28.Bf4 Rb6
29.Rac1 Na6 30.Nc5 {#r} 1-0

[Event "Ch Slovakia (open)"]
[Site "masterchessopen.com Trencin (Slovakia)"]
[Round "2"]
[White "Banas Jan (SVK)"]
[Black "Jurcisin Imrich (SVK)"]
[Result "1-0"]
[WhiteElo "2375"]
[BlackElo "2041"]

1.c4 e6 2.g3 d5 3.Bg2 Nf6 4.Nf3 Be7 5.O-O O-O 6.d4 Nbd7 7.Qc2 c6 8.Nbd2 Qc7
9.e4 dxe4 10.Nxe4 e5 11.Nxe5 Nxe5 12.Bf4 Nfd7 13.dxe5 Nxe5 14.Rfe1 f5 15.Qc3
fxe4 16.Bxe5 Qb6 17.Bd4 Bc5 18.Rxe4 Bf5 19.Bxc5 Qxc5 20.Re5 Qd6 21.Rae1 Qf6
22.f4 Rad8 23.Qe3 a6 24.b4 Rd7 25.Bf1 Qd8 26.c5 Rd1 27.Qb3+ {#r} 1-0

[Event "It (open)"]
[Site "masterchessopen.com Auckland (New Zealand)"]
[Round "4"]
[White "Dunn Paul (NZL)"]
[Black "Gibbons Robert (NZL)"]
[Result "1-0"]
[WhiteElo "2184"]
[BlackElo "2034"]

1.d4 d5 2.c4 e6 3.Nf3 Nf6 4.g3 c6 5.Bg2 Nbd7 6.Nbd2 Be7 7.O-O O-O 8.Qc2 Re8
9.Rd1 Qc7 10.e4 dxe4 11.Nxe4 Nxe4 12.Qxe4 Nf6 13.Qe2 c5 14.Bf4 Bd6 15.Ne5 Rb8
16.dxc5 Bxc5 17.Qd2 g5 18.Ng4 gxf4 19.Nxf6+ Kf8 20.Nxe8 Kxe8 21.gxf4 Ke7 22.f5
exf5 23.Qg5+ Kf8 24.Rd8+ {#r} 1-0

[Event "It (cat.7)"]
[Site "masterchessopen.com Budapest (Hungary)"]
[Round "8"]
[White "Kahn Evarth Dr (HUN)"]
[Black "Pedersen Daniel Vesterbaek (DEN)"]
[Result "1-0"]
[WhiteElo "2380"]
[BlackElo "2330"]

1.d4 d5 2.c4 c6 3.Nf3 e6 4.Nbd2 Nf6 5.g3 Nbd7 6.Bg2 Be7 7.O-O O-O 8.Qc2 b6
9.Rd1 Bb7 10.e4 dxe4 11.Nxe4 Nxe4 12.Qxe4 Qc8 13.Qe2 Re8 14.Qc2 c5 15.d5 exd5
16.cxd5 Bf6 17.Bf4 Qd8 18.Qf5 Nf8 19.Rd2 Qd7 20.Qc2 Rad8 21.Rad1 Ng6 22.Be3 h6
23.h3 Ne5 24.Nh2 c4 25.Bd4 b5 26.Qc3 Qd6 27.Qa5 a6 28.a4 Nd3 29.Bxf6 Qxf6
30.axb5 Nxb2 31.Ng4 {#r} 1-0

[Event "It (open)"]
[Site "masterchessopen.com Goch (Germany)"]
[Round "1"]
[White "Woller Rainer (GER)"]
[Black "Niemers Johannes (GER)"]
[Result "1-0"]
[WhiteElo "2152"]
[BlackElo "2021"]

1.Nf3 d5 2.d4 Nf6 3.c4 e6 4.g3 c6 5.Qc2 Be7 6.Bg2 Nbd7 7.O-O O-O 8.Nbd2 Re8
9.e4 Nxe4 10.Nxe4 dxe4 11.Qxe4 Nf6 12.Qc2 h6 13.Rd1 Qa5 14.b3 Bd7 15.Ne5 Rad8
16.a3 Bc8 17.Bb2 Qc7 18.b4 Nh7 19.Nxf7 Kxf7 20.Qxh7 Rh8 21.Qe4 Bf6 22.Bf3 h5
23.Re1 h4 24.Bg4 hxg3 25.hxg3 Rde8 26.Rad1 Qd6 27.Bc1 Qd8 28.Qf3 {#r} 1-0

[Event "It (open)"]
[Site "masterchessopen.com Koszalin (Poland)"]
[Round "9"]
[White "Chouganov Jurij (RUS)"]
[Black "Bos Hagar (NED)"]
[Result "1-0"]
[WhiteElo "2270"]
[BlackElo "1777"]

1.Nf3 d5 2.g3 Nf6 3.Bg2 e6 4.O-O Nbd7 5.d4 Be7 6.Nbd2 O-O 7.c4 c6 8.Qc2 Re8
9.b3 Bb4 10.Bb2 Bxd2 11.Nxd2 e5 12.dxe5 Nxe5 13.Rad1 Bg4 14.Rfe1 Qc8 15.cxd5
Nxd5 16.Nc4 Nxc4 17.bxc4 Ne7 18.Qc3 f6 19.f3 Be6 20.e4 b5 21.c5 Bxa2 22.Rd6 a5
23.Rxf6 Nd5 24.Rf8+ {#r} 1-0

[Event "Ch City"]
[Site "masterchessopen.com Lisbon (Portugal)"]
[Round "3"]
[White "Pereira Alvaro (POR)"]
[Black "Dias Paulo (POR)"]
[Result "1-0"]
[WhiteElo "2265"]
[BlackElo "2180"]

1.Nf3 d5 2.d4 e6 3.c4 Be7 4.g3 Nf6 5.Bg2 O-O 6.O-O c6 7.Qc2 Nbd7 8.Nbd2 Re8
9.Rd1 b5 10.b3 Bb7 11.e4 dxe4 12.Nxe4 bxc4 13.bxc4 c5 14.Nfg5 Qc8 15.Rb1 Bc6
16.d5 Nxd5 17.cxd5 exd5 18.Nc3 Bxg5 19.Bxg5 d4 20.Nd5 f6 21.Bf4 Nb6 22.Qxc5
{#r} 1-0

[Event "It (open) \"]
[Site "masterchessopen.com Pardubice (Czech Republic)"]
[Round "6"]
[White "Iljushin Alexei (RUS)"]
[Black "Mifsud T (MLT)"]
[Result "1-0"]
[WhiteElo "2400"]
[BlackElo "2250"]

1.d4 d5 2.c4 e6 3.Nf3 c6 4.g3 Nf6 5.Bg2 Be7 6.O-O O-O 7.Nbd2 Nbd7 8.Qc2 b6
9.e4 dxe4 10.Nxe4 Nxe4 11.Qxe4 Bb7 12.Rd1 Nf6 13.Qe2 Qc8 14.Bf4 Rd8 15.b3 h6
16.Rd3 Bf8 17.Rad1 c5 18.Ne5 Bxg2 19.Kxg2 cxd4 20.Rxd4 Rxd4 21.Rxd4 Qe8 22.Qf3
Rc8 23.Qb7 Rc5 24.b4 Rc8 25.Bd2 a5 26.a3 axb4 27.axb4 Rb8 28.Qc7 g6 29.Bc3 Bg7
30.Nc6 Ra8 31.Rd3 b5 32.Bxf6 bxc4 33.Rf3 {#r} 1-0

[Event "It (open)"]
[Site "masterchessopen.com Wattens (Austria)"]
[Round "5"]
[White "Thoeny Hermann (AUT)"]
[Black "Erhard Jakob (AUT)"]
[Result "1-0"]
[WhiteElo "2113"]
[BlackElo "2109"]

1.d4 Nf6 2.Nf3 e6 3.g3 d5 4.Bg2 Nbd7 5.O-O Be7 6.c4 c6 7.Qc2 O-O 8.Nbd2 Re8
9.e4 Nxe4 10.Nxe4 dxe4 11.Qxe4 Nf6 12.Qc2 c5 13.Rd1 Qb6 14.Bf4 cxd4 15.Nxd4 a6
16.Rac1 Bc5 17.Nb3 e5 18.Bg5 Bg4 19.Rd2 Bb4 20.c5 Qc7 21.Rd6 Re6 22.Bxf6 Rxd6
23.cxd6 Qxc2 24.Rxc2 gxf6 25.Rc4 {#r} 1-0

[Event "Ch New Zealand"]
[Site "masterchessopen.com Auckland (New Zealand)"]
[Round "0"]
[White "Green Peter (NZL)"]
[Black "Sinclair Mark (NZL)"]
[Result "1-0"]
[WhiteElo "2245"]
[BlackElo "2215"]

1.d4 Nf6 2.Nf3 e6 3.g3 d5 4.Bg2 Be7 5.O-O O-O 6.c4 c6 7.Qc2 Nbd7 8.Nbd2 b6
9.e4 Ba6 10.b3 Rc8 11.Re1 Qc7 12.Bb2 Nxe4 13.Nxe4 dxe4 14.Qxe4 c5 15.d5 Bf6
16.dxe6 Bxb2 17.exd7 Qxd7 18.Ng5 f5 19.Qd5+ Qxd5 20.Bxd5+ Kh8 21.Rab1 Bc3
22.Re7 {#r} 1-0

[Event "Ch Brasiliense (final)"]
[Site "masterchessopen.com Brazil"]
[Round "3"]
[White "Pinheiro Iung (BRA)"]
[Black "Coelho Luis (BRA)"]
[Result "1-0"]
[WhiteElo "2318"]
[BlackElo "2392"]

1.d4 d5 2.c4 c6 3.Nf3 Nf6 4.Qc2 e6 5.g3 Be7 6.Bg2 O-O 7.O-O Nbd7 8.Nbd2 b6
9.e4 dxe4 10.Nxe4 Bb7 11.Rd1 Qc8 12.Nxf6+ Nxf6 13.Qe2 Rd8 14.Bf4 Bf8 15.Bh3 h6
16.Rac1 Ba6 17.Qe1 Qb7 18.Be5 Nd7 19.Bf4 Nf6 20.a4 c5 21.Bg2 Qe7 22.Ne5 Bb7
23.Nc6 Bxc6 24.Bxc6 Rac8 25.d5 Nh5 26.d6 Qf6 27.Be5 Qg5 28.Bb7 Rb8 29.Bg2 f6
30.Bc3 Bxd6 31.Qxe6+ Kh8 32.h4 Qg6 33.Rxd6 {#r} 1-0

[Event "It (open)"]
[Site "masterchessopen.com Eger (Hungary)"]
[Round "2"]
[White "Sinka Istvan (HUN)"]
[Black "Varadi Attila (HUN)"]
[Result "1-0"]
[WhiteElo "2297"]
[BlackElo "2043"]

1.d4 d5 2.c4 e6 3.Nf3 Be7 4.g3 Nf6 5.Bg2 O-O 6.O-O Nbd7 7.Qc2 c6 8.Nbd2 b6
9.e4 Nxe4 10.Nxe4 dxe4 11.Qxe4 Bb7 12.Rd1 Nf6 13.Qe2 Rc8 14.Ne5 Ba8 15.Bg5 Nd7
16.Bf4 Nxe5 17.dxe5 Qc7 18.Rd3 Rfd8 19.Rad1 h6 20.Qg4 g5 21.h4 h5 22.Qxh5 gxf4
23.gxf4 Kf8 24.Qh8# 1-0

[Event "Ch Russia (w)"]
[Site "masterchessopen.com Elista (Russia)"]
[Round "4"]
[White "Sirotkina Nina (RUS)"]
[Black "Polyakova Natalia (RUS)"]
[Result "1-0"]
[WhiteElo "2310"]
[BlackElo "2205"]

1.d4 d5 2.c4 e6 3.Nf3 c6 4.Qc2 Nf6 5.Nbd2 Nbd7 6.g3 Be7 7.Bg2 O-O 8.O-O b6
9.e4 dxe4 10.Nxe4 Bb7 11.Nxf6+ Bxf6 12.Bf4 c5 13.Bd6 Be7 14.Ng5 Nf6 15.Bxb7
Bxd6 16.Bxa8 Qxa8 17.dxc5 Bxc5 18.Qe2 {#r} 1-0

[Event "Ch Hungary (team) 1997/98"]
[Site "masterchessopen.com Hungary"]
[Round "0"]
[White "Seres Lajos (HUN)"]
[Black "Varga Peter (HUN)"]
[Result "0-1"]
[WhiteElo "2470"]
[BlackElo "2395"]

1.c4 e6 2.g3 d5 3.Bg2 c6 4.Qc2 Nf6 5.Nf3 Nbd7 6.d4 Be7 7.Nbd2 O-O 8.O-O b6
9.e4 Bb7 10.b3 dxe4 11.Nxe4 c5 12.Nxf6+ Bxf6 13.Ng5 Bxg5 14.Bxb7 Rb8 15.Bxg5
Qxg5 16.Bc6 Rbd8 17.dxc5 Qxc5 18.Be4 Nf6 19.Bf3 Rd4 20.Rad1 Rfd8 21.Rxd4 Rxd4
22.Rd1 a5 23.a3 Rxd1+ 24.Qxd1 g6 25.Qd2 Qxa3 26.Qd8+ Kg7 27.Qxb6 a4 28.Kg2
Qxb3 29.Qxb3 axb3 30.Bd1 b2 31.Bc2 Ng4 32.Kf1 Ne5 33.c5 Kf6 34.Ke2 Nc4 {#R}
0-1

[Event "It (open)"]
[Site "masterchessopen.com Kavala (Greece)"]
[Round "1"]
[White "Bagaturov Giorgi (GEO)"]
[Black "Voulgaridou Anna"]
[Result "1-0"]
[WhiteElo "2485"]
[BlackElo "1735"]

1.d4 d5 2.Nf3 e6 3.c4 c6 4.Qc2 Nf6 5.g3 Be7 6.Bg2 O-O 7.O-O Nbd7 8.Nbd2 b6
9.e4 Ba6 10.e5 Ne8 11.Rd1 Nc7 12.b3 Rc8 13.Bb2 f6 14.exf6 Bxf6 15.b4 Re8
16.Ne5 Nxe5 17.dxe5 Be7 18.a3 Rf8 19.Ne4 Ne8 20.c5 bxc5 21.Nxc5 Bxc5 22.Qxc5
Qb6 23.Bd4 Qxc5 24.Bxc5 Rf7 25.Bh3 Nc7 26.Bxa7 Kf8 27.a4 Rd7 28.Rac1 Bc4
29.Rxc4 {#r} 1-0

[Event "Ch France (juniors) (under 12) (g)"]
[Site "masterchessopen.com Montlucon (France)"]
[Round "7"]
[White "Wolfangel Florence (FRA)"]
[Black "Marx Lea (FRA)"]
[Result "1-0"]
[WhiteElo "1908"]
[BlackElo "1913"]

1.Nf3 d5 2.c4 e6 3.d4 Nf6 4.g3 Be7 5.Bg2 Nbd7 6.Qc2 O-O 7.O-O c6 8.Nbd2 Re8
9.e4 Bb4 10.e5 Bxd2 11.Nxd2 Ng4 12.Nf3 dxc4 13.Qxc4 Nb6 14.Qc2 Kh8 15.Ng5 Kg8
16.Qxh7+ Kf8 17.Qh8+ Ke7 18.Qxg7 Rf8 19.Nh7 Rg8 20.Bg5+ Kd7 21.Qxf7+ {#r} 1-0

[Event "It (open)"]
[Site "masterchessopen.com Passau (Germany)"]
[Round "0"]
[White "Penn Peter"]
[Black "Klaus Ingo (GER)"]
[Result "0-1"]
[WhiteElo "1915"]
[BlackElo "2103"]

1.d4 Nf6 2.Nf3 e6 3.g3 d5 4.c4 c6 5.Nbd2 Be7 6.Bg2 O-O 7.O-O Nbd7 8.Qc2 b6
9.e4 dxc4 10.Nxc4 Ba6 11.b3 Rc8 12.Rd1 c5 13.d5 exd5 14.exd5 Re8 15.d6 Bf8
16.Bh3 Bb7 17.Nh4 b5 18.Ne3 Qb6 19.Bb2 Rcd8 20.Nhf5 Be4 21.Qc1 Bf3 22.Ne7+ Kh8
23.Bxd7 Rxd7 24.N3f5 Bxd1 25.Qg5 Rxd6 26.Nxd6 Qxd6 27.Bxf6 Qxf6 {#R} 0-1

[Event "It (open)"]
[Site "masterchessopen.com Saint-Affrique (France)"]
[Round "7"]
[White "Flear Glenn C (ENG)"]
[Black "Gervais Claire (FRA)"]
[Result "1-0"]
[WhiteElo "2475"]
[BlackElo "2265"]

1.d4 Nf6 2.c4 e6 3.g3 d5 4.Bg2 c6 5.Nf3 Nbd7 6.O-O Be7 7.Nbd2 O-O 8.Qc2 b6
9.Rd1 Ba6 10.b3 c5 11.e4 cxd4 12.Nxd4 Rc8 13.exd5 Nxd5 14.Bb2 b5 15.Nxb5 Bxb5
16.Qb1 Bc6 17.cxd5 Bxd5 18.Bxd5 exd5 19.Nf3 Nb6 20.Qf5 Rc6 21.Rac1 Re6 22.a4
Qb8 23.Nd4 Rf6 24.Qb1 Rc8 25.Nf5 {#r} 1-0

[Event "It (open)"]
[Site "masterchessopen.com Vantaa (Finland)"]
[Round "1"]
[White "Pukkila Markku (FIN)"]
[Black "Veingold Aleksandr (EST)"]
[Result "0-1"]
[WhiteElo "2195"]
[BlackElo "2450"]

1.d4 Nf6 2.c4 e6 3.g3 d5 4.Bg2 Be7 5.Nf3 O-O 6.O-O Nbd7 7.Qc2 c6 8.Nbd2 b6
9.b3 Bb7 10.e4 Rc8 11.e5 Ne8 12.Bb2 c5 13.Rac1 dxc4 14.Nxc4 cxd4 15.Qe2 Bxf3
16.Bxf3 b5 17.Nd2 d3 18.Qxd3 Nxe5 19.Qxd8 Nxf3+ 20.Nxf3 Rxd8 21.Rc2 Rd5
22.Rfc1 Bd6 23.Bd4 Ba3 24.Rb1 a5 25.Bb6 Bb4 26.a3 Bxa3 27.Bxa5 Nd6 28.Ra1 b4
29.Bb6 Nb5 30.Be3 Rd3 31.Rc5 Nd6 32.Nd2 Nf5 33.Bf4 Nd4 34.Rc4 Ne2+ {#R} 0-1

[Event "Ch Paulista"]
[Site "masterchessopen.com Americana (Brazil)"]
[Round "3"]
[White "Sega Carlos Alberto (BRA)"]
[Black "Tasoko Toshinobu (BRA)"]
[Result "1-0"]
[WhiteElo "2280"]
[BlackElo "1896"]

1.d4 Nf6 2.Nf3 e6 3.c4 d5 4.g3 Be7 5.Bg2 O-O 6.O-O c6 7.Nbd2 Nbd7 8.Qc2 Re8
9.e4 dxe4 10.Nxe4 Nxe4 11.Qxe4 Nf8 12.b3 Ng6 13.Bb2 f5 14.Qe2 Bf6 15.Rad1 Bd7
16.Rd3 Qc7 17.Rfd1 Rad8 18.Ne5 Bxe5 19.dxe5 Bc8 20.Rd6 Nf8 21.b4 Bd7 22.Qe3 h6
23.a4 b6 24.Qd2 Qb7 25.b5 Rc8 26.Rxd7 Nxd7 27.bxc6 {#r} 1-0

[Event "It (open)"]
[Site "masterchessopen.com Goch (Germany)"]
[Round "1"]
[White "Wojtkiewicz Aleksander (USA)"]
[Black "Hidding Markus (GER)"]
[Result "1-0"]
[WhiteElo "2595"]
[BlackElo "2140"]

1.Nf3 d5 2.c4 c6 3.d4 Nf6 4.Qc2 e6 5.g3 Be7 6.Bg2 O-O 7.O-O Nbd7 8.Nbd2 b6
9.e4 dxe4 10.Nxe4 Nxe4 11.Qxe4 Bb7 12.Rd1 Qc8 13.Qc2 Rd8 14.Bf4 Nf6 15.c5 Nd5
16.Bg5 Nf6 17.Ne5 b5 18.a4 a6 19.Qe2 Nd5 20.Bxe7 Nxe7 21.Be4 Qc7 22.Qh5 g6
23.Qf3 Nd5 24.axb5 axb5 25.Rxa8 Rxa8 26.Bxd5 exd5 27.Qf6 Re8 28.Ng4 h5 29.Nh6+
Kh7 30.Nxf7 {#r} 1-0

[Event "Memorial Karl Wagner (open)"]
[Site "masterchessopen.com Graz (Austria)"]
[Round "1"]
[White "Wegerer Fred (AUT)"]
[Black "Wimmer Norbert (AUT)"]
[Result "1-0"]
[WhiteElo "2215"]
[BlackElo "2010"]

1.Nf3 Nf6 2.g3 e6 3.Bg2 Be7 4.O-O O-O 5.c4 d5 6.d4 c6 7.Nbd2 Nbd7 8.Qc2 Qc7
9.b3 Ne8 10.e4 dxe4 11.Nxe4 Nef6 12.Bf4 Qa5 13.Rfe1 Re8 14.Nd6 Bxd6 15.Bxd6
Nf8 16.Ne5 Qd8 17.Bc5 Bd7 18.b4 Qc7 19.Bxf8 Rxf8 20.a4 a6 21.Qb3 Rfd8 22.Rac1
Qb6 23.a5 Qa7 24.d5 exd5 25.cxd5 Nxd5 26.Bxd5 cxd5 27.Rc7 Be8 28.Qf3 Qb8
29.Re7 f6 30.Rxe8+ {#r} 1-0

[Event "Ch Russia (w) (1 liga)"]
[Site "masterchessopen.com Kolontaevo (Russia)"]
[Round "7"]
[White "Polyakova Natalia (RUS)"]
[Black "Chistiakova Tamara (RUS)"]
[Result "0-1"]
[WhiteElo "2190"]
[BlackElo "2205"]

1.d4 d5 2.c4 c6 3.Nf3 Nf6 4.Qc2 e6 5.g3 Nbd7 6.Bg2 Be7 7.Nbd2 O-O 8.O-O b6
9.e4 dxc4 10.Nxc4 c5 11.Rd1 Bb7 12.Nfe5 cxd4 13.Rxd4 Bc5 14.Rd1 Qe7 15.Qa4
Nxe5 16.Nxe5 Rfd8 17.Nd3 Bd4 18.Bg5 e5 19.Rac1 a5 20.Kh1 h6 21.Bxf6 Qxf6 22.f3
Rac8 23.b4 Bc6 24.Qb3 a4 25.Qb1 Bb5 26.Rxc8 Rxc8 27.Ne1 Rc3 28.Rc1 Qc6 29.Rxc3
Qxc3 30.f4 Bf2 31.Nf3 Bd4 32.Qd1 exf4 33.gxf4 Be3 34.Ne5 Bc4 {#R} 0-1

[Event "Ch Russia (1/2 final)"]
[Site "masterchessopen.com Perm (Russia)"]
[Round "9"]
[White "Gavrjushin Oleg (KAZ)"]
[Black "Ispirian Sergey (RUS)"]
[Result "1-0"]
[WhiteElo "2270"]
[BlackElo "2116"]

1.d4 d5 2.c4 c6 3.Nf3 Nf6 4.g3 e6 5.Bg2 Nbd7 6.O-O Be7 7.Nbd2 O-O 8.Qc2 b6
9.e4 Ba6 10.e5 Ne8 11.Re1 Rc8 12.b3 g6 13.Nf1 Ng7 14.Bh6 Bb4 15.Red1 f5
16.exf6 Qxf6 17.Ne3 Bd6 18.Qd2 Rfe8 19.h4 dxc4 20.bxc4 Nf5 21.Ng4 Qh8 22.c5
Bf8 23.cxb6 Nxb6 24.Nfe5 Nc4 25.Qf4 Nxe5 26.dxe5 Bxh6 27.Nxh6+ Nxh6 28.Qxh6
Re7 29.Qg5 Qg7 30.Rd6 h6 31.Qe3 g5 32.Rad1 {#r} 1-0

[Event "It (open)"]
[Site "masterchessopen.com Sitges (Spain)"]
[Round "0"]
[White "Rohde Ulrich (GER)"]
[Black "Arias Boo Guillermo (ESP)"]
[Result "0-1"]
[WhiteElo "2295"]
[BlackElo "2314"]

1.Nf3 e6 2.c4 Nf6 3.g3 d5 4.Bg2 Be7 5.O-O O-O 6.d4 Nbd7 7.Qc2 c6 8.Nbd2 Re8
9.Rd1 Qb6 10.e4 dxe4 11.Nxe4 c5 12.Nc3 cxd4 13.Nxd4 Nc5 14.Rb1 Na6 15.Ndb5 Nb4
16.Qe2 a6 17.Nd4 e5 18.Nf3 Bf5 19.Be3 Qa5 20.Rbc1 e4 21.Nd4 Bg4 22.f3 exf3
23.Bxf3 Qh5 24.a3 Nc6 25.Bxg4 Nxg4 26.Nd5 Bc5 27.Nf4 {#R} 0-1

[Event "It (open)"]
[Site "masterchessopen.com Vienna (Austria)"]
[Round "0"]
[White "Baumegger Siegfried (AUT)"]
[Black "Blasl Dietmar (AUT)"]
[Result "1-0"]
[WhiteElo "2360"]
[BlackElo "2106"]

1.d4 Nf6 2.c4 e6 3.Nf3 d5 4.g3 Be7 5.Bg2 c6 6.O-O Nbd7 7.Qc2 O-O 8.Nbd2 Re8
9.e4 Nf8 10.b3 b6 11.Bb2 Bb7 12.Rad1 N6d7 13.Rfe1 a5 14.Nb1 Ba6 15.Ne5 Rc8
16.h4 Rc7 17.Nd3 b5 18.Nd2 bxc4 19.bxc4 Bb4 20.Nxb4 axb4 21.Qa4 Qa8 22.exd5
cxd5 23.cxd5 Nb6 24.Qa5 Qa7 25.dxe6 fxe6 26.d5 Rc2 27.Bd4 Nfd7 28.dxe6 Rxd2
29.Rxd2 Qc7 30.Qxa6 {#r} 1-0

[Event "It (sheveningen)"]
[Site "masterchessopen.com Budapest (Hungary)"]
[Round "0"]
[White "Ormos Gaszton (HUN)"]
[Black "Hahn Dietmar (GER)"]
[Result "1-0"]
[WhiteElo "1985"]
[BlackElo "1985"]

1.Nf3 Nf6 2.c4 e6 3.g3 Be7 4.Bg2 d5 5.d4 O-O 6.O-O c6 7.Nbd2 Nbd7 8.Qc2 dxc4
9.Nxc4 Nb6 10.Nxb6 Qxb6 11.e4 c5 12.Be3 cxd4 13.Bxd4 Qa6 14.Bxf6 Bxf6 15.e5
Be7 16.Rfd1 Qb6 17.Rd3 a5 18.Rad1 Qc5 19.Rc3 Qb6 20.Rc7 Bd8 21.Rc4 Be7 22.Nh4
Qb5 23.Be4 g6 24.Bxg6 fxg6 25.Nxg6 Qe8 26.Nxe7+ Qxe7 27.Rc7 Rf7 28.Rxe7 Rxe7
29.Rd8+ {#r} 1-0

[Event "It (open)"]
[Site "masterchessopen.com Berlin (Germany)"]
[Round "3"]
[White "Lagunow Alexander (GER)"]
[Black "Alder Bodo (GER)"]
[Result "1-0"]
[WhiteElo "2438"]
[BlackElo "2159"]

1.Nf3 Nf6 2.c4 e6 3.g3 d5 4.d4 Be7 5.Bg2 c6 6.O-O O-O 7.Nbd2 Nbd7 8.Qc2 b6
9.e4 Nxe4 10.Nxe4 dxe4 11.Qxe4 Bb7 12.Rd1 Bf6 13.Bf4 Qc8 14.Ne5 Bxe5 15.Bxe5
Nxe5 16.dxe5 Rd8 17.Rd6 Rxd6 18.exd6 Qd7 19.Rd1 Rd8 20.b4 Ba6 21.c5 Bb5 22.Qc2
bxc5 23.a4 Ba6 24.Qxc5 {#r} 1-0

[Event "Ch Ukraine (juniors) (under 18)"]
[Site "masterchessopen.com Dnepropetrovsk (Ukraine)"]
[Round "2"]
[White "Poletaev Vadim (UKR)"]
[Black "Korobov Anton (UKR)"]
[Result "0-1"]
[WhiteElo "2164"]
[BlackElo "2336"]

1.d4 d5 2.c4 e6 3.Nf3 c6 4.Qc2 Nf6 5.g3 Nbd7 6.Bg2 Be7 7.O-O O-O 8.Nbd2 b5
9.b3 Bb7 10.Bb2 bxc4 11.bxc4 c5 12.Ne5 cxd4 13.Bxd4 Nxe5 14.Bxe5 Nd7 15.Bb2
Rc8 16.Rac1 Nb6 17.Rfd1 Ba6 18.Qb3 Nxc4 19.Nxc4 Bxc4 20.Qa4 Bxe2 21.Re1 Bc4
22.Qxa7 Bc5 23.Qa4 Bxf2+ 24.Kxf2 Qb6+ 25.Re3 Qxb2+ 26.Rc2 Qf6+ {#R} 0-1

[Event "It (open)"]
[Site "masterchessopen.com Essen (Germany)"]
[Round "4"]
[White "Ritter Uwe (GER)"]
[Black "Smolka Alexander (GER)"]
[Result "1-0"]
[WhiteElo "2198"]
[BlackElo "2103"]

1.d4 e6 2.Nf3 Nf6 3.g3 Be7 4.c4 O-O 5.Bg2 d5 6.O-O Nbd7 7.Qc2 c6 8.Nbd2 b6
9.b3 Bb7 10.e4 dxe4 11.Nxe4 Nxe4 12.Qxe4 Nf6 13.Qe2 c5 14.dxc5 bxc5 15.Bf4 Qb6
16.Rfd1 Rfd8 17.Rxd8+ Rxd8 18.Rd1 Kf8 19.Rxd8+ Qxd8 20.Ne5 Bxg2 21.Kxg2 Qa8+
22.Qf3 Qxf3+ 23.Kxf3 Ke8 24.Nc6 Nh5 25.Be3 {#r} 1-0

[Event "Ch France (juniors) (under 18)"]
[Site "masterchessopen.com France"]
[Round "3"]
[White "Pucher Olivier (FRA)"]
[Black "Aout Sebastien (FRA)"]
[Result "1-0"]
[WhiteElo "2148"]
[BlackElo "2221"]

1.Nf3 Nf6 2.c4 e6 3.g3 d5 4.d4 c6 5.Bg2 Nbd7 6.Nbd2 Be7 7.O-O O-O 8.Qc2 Re8
9.e4 dxe4 10.Nxe4 Nxe4 11.Qxe4 Nf6 12.Qe2 c5 13.Rd1 Qa5 14.b3 a6 15.Bb2 Rb8
16.Ne5 Qc7 17.Rd3 Nd7 18.Nxd7 Bxd7 19.dxc5 Rbd8 20.Be5 Qc8 21.Bd6 Bf6 22.Rad1
Bc6 23.b4 Bxg2 24.Kxg2 Qc6+ 25.Qf3 Qc8 26.a4 a5 27.b5 h6 28.c6 bxc6 29.Qxc6
Qxc6+ 30.bxc6 Kh7 31.c7 Rc8 32.Rb3 Be7 33.c5 {#r} 1-0

[Event "Ch Switzerland (open)"]
[Site "masterchessopen.com Graechen (Switzerland)"]
[Round "4"]
[White "Suter Stephan (SUI)"]
[Black "Willin Bernhard (GER)"]
[Result "0-1"]
[WhiteElo "2076"]
[BlackElo "1992"]

1.d4 d5 2.c4 e6 3.Nf3 c6 4.Qc2 Be7 5.g3 Nf6 6.Bg2 O-O 7.O-O Nbd7 8.Nbd2 b6
9.b3 Bb7 10.Bb2 c5 11.Rfe1 Rc8 12.dxc5 Bxc5 13.Nd4 Qc7 14.e4 dxc4 15.bxc4 Rfd8
16.N4b3 Bf8 17.a4 Ne5 18.Bf1 Bb4 19.Bc3 Bxc3 20.Qxc3 Qd6 21.Rad1 Qb8 22.f4
Neg4 23.h3 Nh6 24.Qe3 Nd7 25.a5 Qc7 26.axb6 axb6 27.Rb1 e5 28.f5 Qc6 29.g4 f6
30.c5 Nxc5 31.Bc4+ Kf8 32.Bd5 Rxd5 33.exd5 Qxd5 {#R} 0-1

[Event "Cup Scandinavia (juniors) (team)"]
[Site "masterchessopen.com Helsinki (Finland)"]
[Round "2"]
[White "Nyback Tomi (FIN)"]
[Black "Palo Davor (DEN)"]
[Result "1-0"]
[WhiteElo "2095"]
[BlackElo "2141"]

1.Nf3 Nf6 2.c4 e6 3.g3 d5 4.Bg2 Be7 5.O-O O-O 6.Qc2 Nbd7 7.d4 c6 8.Nbd2 b6
9.e4 dxe4 10.Nxe4 Bb7 11.Rd1 Qc8 12.Bf4 Nxe4 13.Qxe4 Nf6 14.Qe2 Re8 15.Bh3 Nd7
16.d5 cxd5 17.cxd5 Bxd5 18.Rxd5 exd5 19.Qb5 Rd8 20.Rc1 Bc5 21.b4 a6 22.Qe2 Re8
23.Qd1 Qb7 24.bxc5 Nxc5 25.Nd4 g6 26.Nb3 Qc6 27.Be3 d4 28.Bg2 Qc8 29.Qxd4 Ra7
30.Bh6 f6 31.Bd5+ Rf7 32.Nxc5 Qf5 33.Ne4 {#r} 1-0

[Event "Cup Russia (open)"]
[Site "masterchessopen.com Moscow (Russia)"]
[Round "9"]
[White "Rustemov Alexander (RUS)"]
[Black "Nikolenko Oleg (RUS)"]
[Result "1-0"]
[WhiteElo "2573"]
[BlackElo "2524"]

1.d4 Nf6 2.c4 e6 3.g3 Bb4+ 4.Bd2 Be7 5.Bg2 d5 6.Nf3 O-O 7.Qc2 c6 8.O-O Nbd7
9.Bf4 Nh5 10.Bc1 Nhf6 11.Nbd2 b6 12.e4 Ba6 13.b3 Rc8 14.Bb2 c5 15.exd5 exd5
16.Qf5 g6 17.Qh3 Rc7 18.dxc5 bxc5 19.Ng5 d4 20.Ne6 fxe6 21.Qxe6+ Kg7 22.Qxa6
Nb6 23.Rad1 Nfd7 24.Rfe1 Rf6 25.Qa5 Nb8 26.b4 Nc6 27.Bxc6 Rfxc6 28.Re4 Kg8
29.Rde1 Nc8 30.Qa4 Nb6 31.Qb3 {#r} 1-0